Ekonomika Slovenska v roku 1994
Základné makroekonomické proporcie vývoja. Demografický vývoj a zamestnanosť. Spotrebiteľské ceny, dôchodková situácia obyvateľstva a základné tendencie v oblasti sociálneho vývoja.
Uložené v:
| Médium: | Kapitola |
|---|---|
| Jazyk: | Slovak |
| Predmet: | |
| Tagy: |
Žiadne tagy, Buďte prvý, kto otaguje tento záznam!
|
MARC
| LEADER | 00000naa a2200000 4500 | ||
|---|---|---|---|
| 001 | r000899 | ||
| 005 | 20221205090332.0 | ||
| 041 | 0 | |a slo | |
| 044 | |a SK | ||
| 245 | 1 | 0 | |a Ekonomika Slovenska v roku 1994 |
| 520 | |a Základné makroekonomické proporcie vývoja. Demografický vývoj a zamestnanosť. Spotrebiteľské ceny, dôchodková situácia obyvateľstva a základné tendencie v oblasti sociálneho vývoja. | ||
| 610 | 2 | 0 | |a vývoj hospodársky |
| 610 | 2 | 0 | |a hospodárstvo národné |
| 610 | 2 | 0 | |a makroekonomika |
| 610 | 2 | 0 | |a Slovensko |
| 610 | 2 | 0 | |a 1994 |
| 610 | 2 | 0 | |a politika hospodárska |
| 610 | 2 | 0 | |a demografia |
| 610 | 2 | 0 | |a zamestnanosť |
| 610 | 2 | 0 | |a ceny maloobchodné |
| 610 | 2 | 0 | |a politika sociálna |
| 610 | 2 | 0 | |a dôchodky |